По Енисею. Красноярск - Диксон (Запись № 12815787)

Подробности
000 -МАРКЕР
контрольное поле 01267nem0a2200289 4500
001 - ИДЕНТИФИКАТОР ЗАПИСИ
контрольное поле RU\NLR\BIBL_A\022124027
005 - ИДЕНТИФИКАТОР ВЕРСИИ
контрольное поле 20250625131126.0
035 ## - ДРУГИЕ СИСТЕМНЫЕ НОМЕРА
Идентификатор записи (NLR Aleph) 022124027
100 ## - ДАННЫЕ ОБЩЕЙ ОБРАБОТКИ
Данные общей обработки 20240202d1975 |||y0rusy50 ca
101 0# - ЯЗЫК РЕСУРСА
Язык текста, звукозаписи и т.д. русский
102 ## - СТРАНА ПУБЛИКАЦИИ ИЛИ ПРОИЗВОДСТВА
Страна публикации Российская Федерация
120 ## - ПОЛЕ КОДИРОВАННЫХ ДАННЫХ: КАРТОГРАФИЧЕСКИЕ МАТЕРИАЛЫ - ОБЩИЕ ХАРАКТЕРИСТИКИ
Кодированные данные о картографическом материале (общие) bya xx||
123 0# - ПОЛЕ КОДИРОВАННЫХ ДАННЫХ: КАРТОГРАФИЧЕСКИЕ МАТЕРИАЛЫ - МАСШТАБ И КООРДИНАТЫ
Тип масштаба а
200 1# - ЗАГЛАВИЕ И СВЕДЕНИЯ ОБ ОТВЕТСТВЕННОСТИ
Основное заглавие По Енисею. Красноярск - Диксон
Общее обозначение материала Карты
Сведения, относящиеся к заглавию Туристский маршрут 133-40-01 [№73]
Первые сведения об ответственности Сост. и подгот. к печати Науч.-ред. картогр. частью ГУГК в 1968 г.
Последующие сведения об ответственности Ред: Б. С. Кротков
205 ## - СВЕДЕНИЯ ОБ ИЗДАНИИ
Сведения об издании Испр. в 1975 г.
206 ## - ОБЛАСТЬ СПЕЦИФИЧЕСКИХ СВЕДЕНИЙ: КАРТОГРАФИЧЕСКИЕ МАТЕРИАЛЫ - МАТЕМАТИЧЕСКИЕ ДАННЫЕ
Сведения о математических данных Без м-ба
210 ## - ПУБЛИКАЦИЯ, РАСПРОСТРАНЕНИЕ И ДР.
Место издания, распространения и т.д. Москва
Имя издателя, распространителя и т. д. ГУГК
Дата издания, распространения и т.д. 1975
215 ## - ФИЗИЧЕСКАЯ ХАРАКТЕРИСТИКА
Специфическое обозначение материала и объем 1 атл. (24 с)
Другие сведения о физической характеристике цв., текст, ил.
Размеры 13х30 см
509 01 - ЗАГОЛОВОК -СТРУКТУРИРОВАННОЕ ГЕОГРАФИЧЕСКОЕ ИЛИ ТЕМАТИЧЕСКОЕ НАИМЕНОВАНИЕ
Графика поля Кириллица
Географическое / тематическое наименование – начальный элемент ввода Красноярск, город - Диксон, поселок
Идентифицирующий признак – географическая принадлежность Енисей, река
Географический термин маршрут
Системный номер авторитетной/нормативной записи 2640068
Идентификатор авторитетной / нормативной записи RU\NLR\AUTH\5509096
607 ## - ГЕОГРАФИЧЕСКОЕ НАИМЕНОВАНИЕ КАК ПРЕДМЕТ
Географическое наименование Енисей, река (Сибирь)
Формальный подзаголовок Карты
Системный номер авторитетной/нормативной записи 1309137
Идентификатор авторитетной/нормативной записи RU\NLR\AUTH\66226182
608 ## - ФОРМА, ЖАНР, ФИЗИЧЕСКИЕ ХАРАКТЕРИСТИКИ ДОКУМЕНТА КАК ТОЧКА ДОСТУПА
Начальный элемент ввода Туристские карты
Системный номер авторитетной/нормативной записи 1327502
Идентификатор авторитетной/нормативной записи RU\NLR\AUTH\66551871
702 #1 - ИМЯ ЛИЦА - ВТОРИЧНАЯ ОТВЕТСТВЕННОСТЬ
Начальный элемент ввода Кротков
Часть имени, кроме начального элемента ввода Б. С.
Код отношения Редактор
852 ## - МЕСТОНАХОЖДЕНИЕ И ШИФР ХРАНЕНИЯ
Идентификатор организации NLR
Наименование фонда или коллекции (Sub-Location Identifier) К
Шифр хранения (Call Number) 4-Ен 6/161
Идентификатор единицы 63844
Номер экземпляра 63845
942 ## - ДОПОЛНИТЕЛЬНЫЕ ЭЛЕМЕНТЫ ЗАПИСИ (АБИС)
Тип экземпляра АБИС Карта
980 ## - КОЛЛЕКЦИЯ
Название коллекции Национальная библиография

Нет доступных экземпляров.